Zerteiltes Deutschland: Rentenversicherung - Statistiken

Allgemein
  • Dieses Quiz wurde 18 mal gespielt
  • Das Durchschnittsergebnis liegt bei 7 aus 14
Antwortstatistiken
Regionalträger % Korrekt
Nord
81%
Rheinland
75%
Baden-Württemberg
69%
Hessen
69%
Westfalen
63%
Mitteldeutschland
56%
Rheinland-Pfalz
56%
Saarland
50%
Berlin-Brandenburg
38%
Nordbayern
31%
Schwaben
31%
Bayern-Süd
19%
Braunschweig-Hannover
6%
Oldenburg-Bremen
6%
Keine übereinstimmenden Quizze gefunden
Verteilung der Resultate
Anzahl Personen mit jedem Resultat
Perzentil nach korrekt beantworteten Fragen
Ihre Resultats-Entwicklung
Sie haben dieses Quiz noch nicht gespielt